[Event "Zuerich Seniors op 3rd"]
[Site "Zuerich"]
[Date "2005.02.03"]
[Round "?"]
[White "Nydegger, Emil"]
[Black "Luetolf, Karl"]
[Result "1-0"]
[WhiteElo "1639"]
[BlackElo "1441"]
[PlyCount "55"]
[EventDate "2005.01.24"]
[EventType "swiss"]
[EventRounds "9"]
[EventCountry "SUI"]
[SourceTitle "EXT 2007"]
[Source "ChessBase"]
[SourceDate "2006.11.23"]
[SourceVersion "1"]
[SourceVersionDate "2006.11.23"]
[SourceQuality "1"]

1. e4 e5 2. Nf3 Nc6 3. d4 d6 4. dxe5 Be7 5. exd6 cxd6 6. Bc4 h6 7. 0-0 Nf6 8. Nbd2 a6 9. a4 0-0 10. b3 Bd7 11. Bb2 Bg4 12. Qe1 Qc7 13. Nh4 Ne5 14. Bxe5 dxe5 15. Ng6 Rfe8 16. f4 Bd6 17. f5 Kh7 18. Nh4 Re7 19. Kh1 Rd8 20. h3 Bh5 21. g4 Bb4 22. Rd1 Nxg4 23. hxg4 Bxg4 24. Be2 h5 25. Bxg4 hxg4 26. Qf2 Qxc2 27. Ng6 Rh8 28. Qh4+ 1-0